[Event "Biel GM 48th"]
[Site "Biel"]
[Date "2015.07.25"]
[Round "6"]
[White "Rapport, Richard"]
[Black "Wojtaszek, Radoslaw"]
[Result "0-1"]
[WhiteElo "2671"]
[BlackElo "2733"]
[Annotator "Pavlovic,M"]
[PlyCount "68"]
[EventDate "2015.07.20"]
[EventType "tourn"]
[EventRounds "10"]
[EventCountry "SUI"]
[EventCategory "19"]
[SourceTitle "CBM 168"]
[Source "ChessBase"]
[SourceDate "2015.09.14"]
[SourceVersion "1"]
[SourceVersionDate "2015.09.14"]
[SourceQuality "1"]

1. d4 Nf6 2. c4 e6 3. Nf3 d5 4. Bg5 Bb4+ 5. Nbd2 {This time we have a bit of
an unusual gambit against the Ragosin Defence which could have occurred if
White had opted for 5.Nc3. I seriously doubt such an idea; the game itself
proves my point, Still such ideas can catch an unprepared opponent off guard.
Probably Rapport was counting on that.} dxc4 6. Qc2 ({An interesting
alternative was} 6. Qa4+ $5 Nc6 7. e3 Bd7 8. Qc2 b5 9. a3 Bxd2+ 10. Nxd2 e5 $1
(10... a6 11. b3 cxb3 12. Nxb3 O-O 13. Bd3 {would be very unpleasant for Black}
) 11. dxe5 Nxe5 12. a4 h6 (12... c6 $5 13. Qc3 Qe7 14. Be2 h6 15. Bh4 O-O 16.
Nf3 Nxf3+ 17. gxf3 g5 18. Bg3 Nd5 {a sharp position but it looks fine for Black
}) 13. Bh4 O-O 14. axb5 Bxb5 15. Nxc4 Qe7 16. Nxe5 Qxe5 17. Bxf6 gxf6 18. Ra5
a6 19. Bc4 Kg7 20. O-O {½-½ (26) Dubov,D (2632)-Matlakov,M (2695) Jerusalem
2015. White has managed to get some pressure.}) 6... b5 7. a4 c6 8. Bxf6 {
Using the fact that Black can't really recapture with the queen, thus trying
to profit from the slightly damaged black structure.} ({An alternative is also
playable:} 8. g3 Bb7 9. Bg2 Nbd7 10. Ne5 Qc8 11. O-O O-O 12. b3 c5 13. Bxb7
Qxb7 14. bxc4 Bxd2 15. Bxd2 b4 16. Nxd7 Qxd7 17. dxc5 a5 {0-1 (29) Krasenkow,M
(2640)-Gajewski,G (2629) Warsaw 2014. Black is fine.}) 8... gxf6 9. g3 Bb7 10.
Bg2 Nd7 11. O-O a5 ({Another perfectly ok idea was displayed in the following
game:} 11... a6 12. b3 cxb3 13. Qxb3 Be7 14. Rfd1 O-O 15. Ne1 b4 16. a5 Qc7 17.
Rdc1 c5 18. dxc5 Bxg2 19. Nxg2 Nxc5 (19... Rab8 $1 20. c6 Ne5 {with next Rfc8
was fine for Black.}) 20. Qxb4 Qd7 21. Qg4+ Kh8 22. Rd1 {1-0 (50) Cramling,P 
(2525)-Kosintseva,T (2496) Beijing (blitz) 2013. White keeps some edge here.})
12. b3 cxb3 13. Nxb3 bxa4 14. Rxa4 Ba6 (14... c5 15. dxc5 $5 (15. Nxc5 Nxc5 16.
dxc5 Rc8 17. Rxb4 axb4 18. Qa4+ Bc6 19. Qxb4 O-O 20. Rc1 Rc7 21. Ne1 Bxg2 22.
Nxg2 Rd7 23. Ne3 Rd4 24. Qc3 f5 {0-1 (56) Vovk,Y (2550)-Moiseenko,A (2679)
Kiev 2011. White has some compensation here.}) 15... Rc8 16. Rd1 Qc7 17. Nfd4
Bxg2 18. Kxg2 Nxc5 19. Nxc5 Qxc5 20. Qxc5 Rxc5 21. Nb3 Rc2 22. e3 O-O 23. Nxa5
Bxa5 24. Rxa5 Rb8 {Black should be able to hold this, but precision play is
necessary.}) 15. Ra2 {Over-ambitious I would say; White simply has to settle
for a modest approach:} (15. Raa1 Bb5 16. Nc5 Nxc5 17. dxc5 O-O 18. Rfd1 Qe7
19. Nd4 Rad8 20. Nxc6 Bxc6 21. Bxc6 {with good chances to take a draw.}) 15...
Bb5 16. Rfa1 O-O 17. Nc1 Rc8 18. Nd3 Bxd3 19. Qxd3 c5 {Black has remained a
pawn up and managed to get rid of the bad c-pawn. Quite simply, Black is
looking for an advantage.} 20. dxc5 Nxc5 21. Qe3 Kg7 22. h4 {White didn't
achieve anything and is a pawn down for no play at all.} Qd6 23. Rc1 Nd7 24.
Raa1 Rxc1+ 25. Rxc1 Bc5 26. Qc3 a4 {The black passer is going fast.} 27. Qa1 a3
28. Rd1 Qc7 29. h5 h6 30. Rc1 Qb6 31. e3 Rb8 32. Bf1 Bxe3 $1 {A final detail.
The game is over now.} 33. Rc2 (33. fxe3 Qxe3+ 34. Kg2 Rb2+ {wins.}) 33... Bc5
34. Rd2 Qb1 0-1

[Event "Elista FIDE GP"]
[Site "Elista"]
[Date "2008.12.25"]
[Round "10"]
[White "Mamedyarov, Shakhriyar"]
[Black "Eljanov, Pavel"]
[Result "1-0"]
[WhiteElo "2731"]
[BlackElo "2720"]
[Annotator "Postny,E"]
[PlyCount "81"]
[EventDate "2008.12.14"]
[EventType "tourn"]
[EventRounds "13"]
[EventCountry "RUS"]
[EventCategory "19"]
[SourceTitle "CBM 128"]
[Source "ChessBase"]
[SourceDate "2009.01.28"]
[SourceVersion "1"]
[SourceVersionDate "2009.01.28"]
[SourceQuality "1"]

1. d4 Nf6 2. c4 e6 3. Nf3 d5 4. Bg5 {Keeping the queenside knight on its
initial square for a while. By playing this way White is trying to avoid the
Vienna Game and the Ragozin Defence.} Bb4+ 5. Nbd2 dxc4 {The most principled
continuation. White can't get the pawn back and has to play for the initiative
to justify the pawn sacrifice.} 6. Qc2 b5 7. a4 c6 8. g3 {Mamedyarov refrains
from exchanging on f6, White's last chance to spoil Black's pawn structure.} (
8. Bxf6 gxf6 (8... Qxf6 $2 9. axb5 $16 cxb5 $2 10. Qe4 $18 {[%csl Ra8]}) 9. g3
Bb7 10. Bg2 Nd7 11. O-O a6 12. b3 cxb3 13. Qxb3 c5 14. axb5 axb5 15. dxc5 Bxc5
16. Rxa8 Qxa8 17. Qxb5 Bc6 18. Qc4 O-O $11 {1-0 Postny,E (2598)-Okkes,M (2386)/
Hoogeveen 2007/CBM 120 ext (45)}) 8... Bb7 9. Bg2 Nbd7 (9... h6 10. Bxf6 gxf6 (
10... Qxf6 11. Ne5 a6 {is a possible alternative.}) 11. O-O Nd7 12. Nh4 a6 13.
Rfd1 O-O 14. Nf1 f5 15. e4 fxe4 16. Qxe4 Nf6 17. Qf4 Kg7 18. Ne3 $44 {[%csl
Rg7] 1-0 Khruschiov,A (2499)-Barsov,A (2513)/Dresden GER 2008/The Week in
Chess 732 (34)}) 10. O-O Qc8 {Moving the queen away from the pin and
protecting the Bb7. The c8-square is, usually, the safest for Black's queen in
this setup, compared to c7 where it might be attacked by White's dark-squared
bishop from f4.} 11. b3 $5 {A risky move. Mamedyarov was definitely upset with
his results so far (8 draws and 1 loss) and was trying to win a game at any
cost.} (11. Ne5 Nxe5 12. dxe5 Nd5 13. Ne4 Qc7 $15) 11... c3 ({After} 11... cxb3
$6 12. Nxb3 {is will be extremely difficult for Black to perform the c6-c5
push.}) 12. Ne4 (12. Nb1 $2 c5 $1 13. axb5 Be4 14. Qc1 Nd5 $17) 12... Nxe4 13.
Qxe4 c5 {This is tempting, but the simple castling might be safer.} (13... O-O
14. Ne5 h6 15. Bf4 (15. Bxh6 $2 {does not work in view of} f5 $1) (15. axb5 $2
f5 $1 16. Qf3 Nxe5 17. dxe5 hxg5 18. bxc6 Ba6 19. c7 Qxc7 20. Rxa6 Rac8 $19)
15... Nf6 16. Qc2 a5 $15) 14. Qg4 {Now it is not easy for Black to castle. His
king will likely remain in the centre. But, does not White lose some material
by force?} h5 15. Qh4 f6 16. Be3 {White is ready to sacrifice a piece on g5.
Forced, in fact.} c4 (16... g5 17. Bxg5 (17. Nxg5 Bxg2 18. Kxg2 fxg5 19. Qxg5
Qc6+ 20. Kg1 Kf7 $1 {The king can defend himself!} (20... bxa4 $2 21. Qg6+ Kd8
22. d5 $1 Qxd5 23. Rfd1 Qc6 24. Bf4 $1 {[%cal Gd1d6,Gg6f6] with a crushing
attack.}) 21. dxc5 Bxc5 22. axb5 Qc7 23. Ra4 Rag8 24. Qh4 Qe5 25. Bxc5 Nxc5 26.
Rxa7+ Kg6 $15) 17... fxg5 18. Qxg5 Be4 (18... bxa4 19. dxc5 axb3 20. Qg6+ Kd8
21. Qg5+ Ke8 22. Qg6+ $11) 19. Qg7 Rf8 20. Ng5 Bxg2 21. Qg6+ Ke7 22. Qxe6+ Kd8
23. Kxg2 $44) 17. axb5 Bd5 {Some fabulous variations were found by an engine
after 17...cxb3.} (17... cxb3 18. d5 $1 {[%csl Rb4][%cal Gh4b4]} Bc5 19. dxe6
Nf8 20. Nd4 Bxg2 21. Kxg2 Qb7+ 22. Nc6 Bxe3 23. fxe3 b2 24. Rad1 Qxb5 (24... c2
25. e7 cxd1=Q 26. Rxd1 Nd7 27. Qe4 {[%cal Ge4g6]} Rh6 $8 28. Qe6 {[%cal Ge6g8]}
Rh8 $8 29. Qf5 Rh6 30. Qe6 Rh8 $11) 25. Qe4 Qxe2+ 26. Kg1 Qg4 27. Rd7 $1 Nxd7 (
27... Nxe6 28. Qd3 O-O 29. Ne7+ Kh8 30. Ng6+ Kg8 31. Ne7+ $11) 28. exd7+ Kxd7
29. Ne5+ fxe5 30. Qd5+ Kc8 31. Qc6+ Kb8 32. Qd6+ Kc8 33. Qc6+ $11) 18. Ra4 Be7
19. bxc4 g5 (19... Bxc4 20. Qe4 $36 {[%cal Ge4g6]}) 20. Nxg5 Bxg2 $2 {The
order of capturing is important!} (20... fxg5 21. Bxg5 Bxg2 $1 (21... Bxg5 22.
Qxg5 Bxg2 23. Qg6+ Kf8 24. Kxg2 Nb6 25. Rb4 Nxc4 26. d5 $1 $40 {opening all
the possible lines against the Black king.}) 22. Kxg2 Nb6 23. Ra6 (23. Bxe7
Qb7+ 24. d5 Qxe7 25. Qd4 O-O 26. Ra6 Rac8 $13) 23... Bxg5 24. Qxg5 Qxc4 25.
Qg6+ Ke7 26. Qg7+ Kd6 27. Qe5+ Ke7 $11) 21. Kxg2 fxg5 22. Qe4 $1 $16 {That's
the point. White does not take on on g5 but centralizes his strongest piece.
White is definitely better now.} Nf6 23. Qg6+ Kd8 24. Rfa1 h4 {Trying to
create some counter-threats along the h-file.} 25. d5 $1 {This is called for.
The king on d8 might suffer should the d-file be opened.} (25. Rxa7 $2 Rxa7 26.
Rxa7 hxg3 27. hxg3 e5 $1 {[%cal Gc8h3]} 28. Kg1 Qh3 29. Ra8+ Kc7 30. b6+ Kb7
31. Rxh8 Qxh8 32. Qc2 {White is still better, but far from winning.}) 25... h3+
26. Kg1 Rg8 27. Qd3 exd5 28. cxd5 Ke8 (28... Qb7 29. Qxc3 Nxd5 30. Qd3 Ke8 31.
Rxa7 Nc7 32. Rxa8+ Nxa8 33. f3 Nb6 34. Qh7 $1 $18) 29. d6 Bd8 30. Rxa7 $2 {
This is too greedy.} (30. f3 {covering the dangerous diagonal and keeping all
the benefits.} Qb7 31. Bd4 Bb6 32. Rc4 $16) 30... Rxa7 ({A spectacular, though,
not forced line is:} 30... Qb7 $5 31. f3 Rxa7 32. Rxa7 Qd5 33. Qxc3 Qd1+ 34.
Kf2 Ng4+ $1 35. fxg4 Rf8+ 36. Bf4 Bb6+ 37. e3 Bxa7 38. Qe5+ Kf7 39. Qe7+ Kg8
40. Qxg5+ Kh8 {and White has no more than a perpetual check.}) 31. Rxa7 c2 32.
d7+ {Mamedyarov insists on getting rid of this pawn in order to get more
access to the black king.} (32. Bc1 Qc5 {and Black is back into the game.})
32... Nxd7 33. Qe4+ Kf8 34. Qf5+ Bf6 35. Bc1 Qc3 $2 {A punch in the air. It
was necessary to bring the dreaming rook into the battle.} (35... Rg7 $1 36.
Qxh3 Re7 37. Qh6+ Kf7 38. Qh7+ Kf8 39. Qh6+ {A draw would have been the
objective result in this case.}) 36. Qxh3 {After White has eliminated this
dangerous pawn, he is ready for a final assault.} Rg7 (36... Qe1+ 37. Kg2 Qxc1
38. Qxd7 $18) 37. Kg2 Qd4 38. Ba3+ Kg8 39. Ra8+ Kf7 40. Qf5 g4 (40... Rg8 41.
e3 Qd1 42. Ra7 Rd8 43. Qh7+ Bg7 44. Bb2 Qd5+ 45. e4 $18) 41. Rd8 {[%csl Rd7] A
highly tense and complicated game. It was definitely impossible to cover all
the spectacular lines behind the scene. Therefore, I am not sure that I have
managed to provide an objective evaluation of certain moments of this
encounter.} 1-0

[Event "Wch U20"]
[Site "Athens"]
[Date "2001.08.19"]
[Round "4"]
[White "Postny, Evgeny"]
[Black "Tomczak, Rafal"]
[Result "1-0"]
[WhiteElo "2486"]
[BlackElo "2358"]
[Annotator "Postny,E"]
[PlyCount "51"]
[EventDate "2001.08.16"]
[EventType "swiss"]
[EventRounds "13"]
[EventCountry "GRE"]
[SourceTitle "EXT 2002"]
[Source "ChessBase"]
[SourceDate "2001.11.25"]
[SourceVersion "1"]
[SourceVersionDate "2001.11.25"]
[SourceQuality "1"]

1. d4 d5 2. c4 e6 3. Nf3 c6 4. Bg5 Be7 5. Bxe7 Qxe7 6. e3 Nf6 7. Nc3 O-O 8. Be2
$6 $146 ({More ambitious and a better move is} 8. Qc2 {continuing the fight
over the "tempo".For instanse:} Nbd7 9. cxd5 exd5 10. Bd3 Re8 11. O-O Nf8 12.
Rab1 (12. a3 Ng6 13. Nd2 Be6 14. b4 Rad8 15. Rfc1 a6 16. Na4 $14 {1-0 Chernin,
A-Markowski,T/Budapest zt 2000/CBM 78 (31)[Tsesarsky]}) 12... Ng6 13. b4 Bd7
14. b5 Rac8 15. bxc6 Bxc6 16. Bf5 (16. Bxg6 hxg6 17. Ne5 $14) 16... Bd7 17.
Bxd7 Qxd7 18. Qb3 b6 $11 {1/2-1/2 Beliavsky,A-Gelashvili,T/Saint Vincent 2000/
CBM 78 (36)}) 8... b6 ({Can be recommended for black:} 8... dxc4 9. Bxc4 Nbd7 {
[%cal Ye6e5]}) 9. O-O ({May be considered} 9. cxd5) 9... dxc4 10. Bxc4 Bb7 {
[%cal Gc6c5]} 11. e4 Rd8 (11... c5 $2 12. e5 Nd5 (12... Ne8 13. d5 $16) 13.
Bxd5 exd5 14. dxc5 $16) 12. e5 Ne8 ({More logical is} 12... Nd5 13. Ne4 (13.
Nxd5 cxd5 14. Bd3 Ba6 $11) 13... c5 14. Nd6 Bc6 15. dxc5 bxc5 {[%cal Gb8d7]
The position is about equal.}) 13. Qb3 {If white wants to fight for the
advantage he has to be prepared to meet c6-c5 with d4-d5.} Na6 14. Rfe1 {
I placed this R on e1 with an idea to protect the N, when it will go to e4,
from possible attack by black's B.} (14. Rfd1 Nac7 15. Ne4 $6 c5 $132 {[%csl
Re4]}) 14... Nec7 (14... Qb4 $4 15. Bxa6 Qxb3 16. axb3 $18 {[%csl Ya1,Ya6]
[%cal Ga1a6]}) (14... Nac7 15. Ne4 Nd5 (15... c5 $2 16. dxc5 Bxe4 17. cxb6 Bxf3
18. bxc7 Qxc7 19. gxf3 $16 {[%csl Re8]}) 16. Rac1 $14) 15. Ne4 c5 $6 (15... b5
$1 16. Bf1 c5 $11) 16. Nd6 Bd5 (16... Bxf3 17. Qxf3 cxd4 18. Rad1 Nb4 19. a3
Nbd5 20. Rxd4 {+/=|^}) 17. Bxd5 Nxd5 (17... exd5 $142 18. Rad1 $14 {[%csl Rd5,
Gd6,Ge5]}) 18. Qc4 Ndc7 $2 ({The only move was pointed by K.Miton in the
analysis after the game:} 18... Nb8 $1 19. dxc5 bxc5 {+/=/+/-} 20. Qxc5 $2 Nd7
$11 {[%csl Rd6][%cal Gd7e5]}) 19. dxc5 bxc5 20. a3 Rab8 $2 {This move is just
losing, however black's position is very hard to save anyway.} 21. b4 $1 $18 {
[%mdl 2048] White need the d4 square for the Nf3.} cxb4 22. Nd4 {[%csl Rb8,Rd8,
Re7][%cal Gd4c6]} Rxd6 23. exd6 Qxd6 24. Nc6 Rb5 25. Rad1 Rd5 26. Rxd5 {
Black resigned in view of:} (26. Rxd5 exd5 {[%tqu "En","The next move is the
reason of black's resignation. What is it?","","","c4a6","",5]} 27. Qxa6 $1
Nxa6 28. Re8+ Qf8 29. Ne7+ {mating}) 1-0

[Event "EU-ch 12th"]
[Site "Aix les Bains"]
[Date "2011.04.01"]
[Round "10"]
[White "Jobava, Baadur"]
[Black "Potkin, Vladimir"]
[Result "0-1"]
[WhiteElo "2707"]
[BlackElo "2653"]
[Annotator "Potkin,V"]
[PlyCount "52"]
[EventDate "2011.03.22"]
[EventType "swiss"]
[EventRounds "11"]
[EventCountry "FRA"]
[SourceTitle "CBM 142 Extra"]
[Source "ChessBase"]
[SourceDate "2011.06.27"]
[SourceVersion "1"]
[SourceVersionDate "2011.06.27"]
[SourceQuality "1"]

{After a very strong start, I had a series of draws, the last of which
especially disappointed me. As a result, when in the penultimate round, I was
paired with a strong and aggressive opponent, I was very pleased.
Understanding that Baadur would strive only for a medal, I looked forward to
an uncompromising battle and an interesting game, which was just what I needed
at that moment.} 1. c4 c6 2. d4 d5 3. Nf3 Nf6 4. Qb3 e6 {In recent times, I
have usually answered the modest queen move with 4...dxc4 5.Qxc4 Bg4, but
since my opponent had obviously chosen this line deliberately, I decided to
change course.} 5. Bg5 h6 6. Bh4 dxc4 7. Qxc4 b5 8. Qc2 Bb7 9. Nc3 {I suspect
that White chose this setup at the board. White usually prefers 9.e3.} Nbd7 10.
e4 Qb6 {At this moment, I was convinced I knew the correct plan, but in this
position, it proved too daring.} ({More in the spirit of the position was} 
10... b4 11. Na4 Qa5) ({but I prefer the immediate} 10... Qa5) 11. Be2 Nh5 {
After making this curious move quite quickly, I was very pleased, but the
reply came as an unpleasant surprise. But, he who doesn't take a risk, doesn't
ever get to taste the champagne!} 12. d5 ({I had been counting on the natural} 
12. O-O {where after} g5 13. Bg3 g4 14. Ne5 Nxg3 15. hxg3 Nxe5 16. dxe5 h5 17.
a4 Bg7 {Black obtains comfortable play.}) 12... Nf4 ({I did not want to have
to retreat after} 12... g5 13. dxe6 fxe6 14. Ne5) 13. dxe6 {White chose this
move quite quickly, but during the game, I was more worried about 13.0-0,
after which Black would have to make some positional concessions, in ordert to
complete his development.} Nxe6 14. O-O-O {True to his aggressive style,
Baadur chooses the most direct plan, showing that quiet development is not
part of his plans.} Bb4 15. Kb1 ({We were both sure that the direct} 15. Rxd7
Kxd7 16. Ne5+ Ke8 17. Bh5 g6 18. Nxg6 {did not work because of} Qc5 {although
the cold-blooded} 19. e5 {was missed by us both, and would have change the
course of the game considerably, as White manages to create some threats
against the enemy king in the centre.}) 15... Ndc5 16. Rd6 {White sets up a
threat, but clearly did not anticipate that his opponent would simply ignore
it.} O-O {It was still not too late to move the other knight.} 17. Nd5 cxd5 18.
Rxb6 axb6 {After the queen sacrifice, Black soon outstrips his opponent in
creating threats, the biggest problems for White being that his light-squared
bishop is firing into the air.} 19. a3 ({After} 19. Bxb5 d4 20. Qc4 Bxe4+ 21.
Ka1 {Black has a strong continuation of the attack, in the form of} Ra3 {
and White must seek salvation in the endgame arising after} 22. Qxb4 Nb3+ 23.
Qxb3 Rxb3 24. axb3 Ra8+ 25. Ba4 b5 26. Ka2 bxa4 27. b4 {Even so, it is clear
this is what White should have played.}) ({The following variation
demonstrates the dangers of White's position:} 19. Ne5 Rxa2 20. Kxa2 Nd4 21.
Qd1 Ra8+ 22. Kb1 Ncb3 {winning.}) 19... dxe4 20. axb4 exf3 21. bxc5 ({Nor does
} 21. Bxf3 Bxf3 22. bxc5 (22. gxf3 Nd4) 22... Bh5 {help, as the bishop
transfers to the deadly diagonal.}) 21... fxe2 22. c6 Nd4 23. Qd3 ({After} 23.
cxb7 {Black has the knockout blow} Ra1+ {and despite the resource} 24. Kxa1
Nxc2+ 25. Kb1 e1=Q+ 26. Rxe1 Nxe1 27. Bg3 {Black should win the endgame
without particular problems, after} Nxg2 28. Kc2 f5 29. b8=Q Rxb8 30. Bxb8 Kf7
{and he is the first to occupy the key central squares.}) 23... Nxc6 24. f3 ({
On} 24. Qxe2 {again} Ra4 {decides.}) 24... Ra4 25. Qd7 Rxh4 26. Qxb7 Rd4 ({Not
} 26... Rd8 27. Qxc6 Rd1+ 28. Ka2 Rxh1 29. Qc8+ {with perpetual check. I have
to mention Baadur's gentlemanly congratulations after the game. Not many
players could maintain such manners, after defeat in so important a game. This
win restored me to the leadership and made me the clear favourite amongst the
three leaders going into the final round, thanks to my superior performance
rating. I should thank all those close to me for their support. It was great
to receive so many congratulations from around the world, and it made realise
that some things are even worth celebrating more than a birthday!}) 0-1

[Event "CHN-chT final-B 1st"]
[Site "China"]
[Date "2005.09.13"]
[Round "2"]
[White "Azmaiparashvili, Zurab"]
[Black "Liang, Chong"]
[Result "1-0"]
[WhiteElo "2672"]
[BlackElo "2524"]
[Annotator "Primel,D"]
[PlyCount "103"]
[EventDate "2005.11.??"]
[EventType "team-tourn"]
[EventRounds "5"]
[EventCountry "CHN"]
[SourceTitle "EXT 2017"]
[Source "ChessBase"]
[SourceDate "2016.10.25"]
[SourceVersion "1"]
[SourceVersionDate "2016.10.25"]
[SourceQuality "1"]

1. d4 d5 2. c4 c6 3. Nf3 e6 4. Qc2 Nf6 5. Bg5 Nbd7 6. e3 Qa5+ (6... Be7) 7.
Nbd2 h6 (7... Ne4 8. cxd5 Nxg5 9. Nxg5 exd5 10. Bd3 Be7 11. Ngf3 h6 12. O-O O-O
13. a3 Qd8 14. b4 a5 15. b5 c5 16. dxc5 Nxc5 17. Bh7+ Kh8 18. Bf5 Bxf5 19. Qxf5
Qb6 20. Nd4 Bf6 21. Qxd5 Rad8 22. Nc4 Qc7 23. Qf5 Ne6 24. Rac1 Bxd4 25. exd4
Nxd4 26. Qd3 Rfe8 27. Ne3 Qxc1 28. Rxc1 Nf3+ 29. gxf3 Rxd3 30. Rc7 Rxa3 31.
Rxf7 Rb3 32. Rxb7 a4 33. Ra7 a3 34. Nc4 Rxb5 35. Rxa3 Re1+ 36. Kg2 Rg5+ 37. Kh3
{Bu,X (2714)-Korobov,A (2605) Beijing 2008 0-1 (72)}) 8. Bxf6 Nxf6 9. Be2 Be7
10. O-O O-O 11. a3 Qc7 12. b4 $14 b6 13. Rfc1 (13. cxd5) 13... Bb7 14. Nb3 Rac8
15. c5 $5 {[%csl Rc7,Rc8]} Nd7 16. a4 Rb8 17. a5 b5 18. a6 {[%csl Ra7]} Bc8 19.
e4 $1 {Les Blancs ont gagné de l'espace à l'aile-dame mais il faut ouvrir le
jeu au centre ou à l'aile-roi pour en profiter} Nf6 $1 {Il vaut mieux garder
la tension pour tenter les Blancs à fermer le centre en espèrant tenir à
l'aile-roi} (19... dxe4 $143 20. Qxe4 Nf6 21. Qc2 Nd5 22. Qd2 $16 {[%cal Ge2d3,
Gd3b1]}) 20. e5 Ne8 21. Bd3 Qd8 22. Ra3 $1 {Un coup tranquille laissant le
choix entre renforcer l'aile-dame ou transiter la R vers l'aile-roi} Nc7 {
[%cal Gc8a6,Gc7a6]} 23. Rca1 {Les blancs ont plus d'espace pour manoeuvrer et
après une phase d'amélioration du placement des pièces Blanches à
l'aile-roi, ils pourront probablement sacrifer le "Pa6" car les pièces Noires
sont mal placées à l'aile-dame} Kh8 24. Qe2 Rg8 {Un plan risqué} 25. Qe3 (
25. Bc2) 25... Bd7 26. Bc2 g5 27. h3 Qf8 28. Nh2 $1 Qg7 29. Ng4 h5 30. Na5 $1 {
[%csl Ga3,Rh8][%cal Ga3h3]} Rbf8 $2 {[%csl Rh8]} (30... hxg4 31. hxg4 Rge8 32.
Qd2 {[%cal Ga3h3]} Kg8 33. Rh3 $44) (30... Rgf8 $142 {[%cal Gh8g8] Donne un
peu d'espace au K} 31. Nf6 Bxf6 32. exf6 Qxf6 33. Qe2 $1 {[%csl Rc7,Rh8][%cal
Ge2h5,Ge2e5]} Qh6 (33... Kg7 34. Rf3) 34. Qe5+) (30... Ne8 $5 {[%csl Gf6]
Aurait évité de laisser le Nc7 sans protection tout en protégeant la case
"f6" mais les R ne sont plus liées}) 31. Qe2 hxg4 {Trop tard car maintenant
le K Noir est dans la boite} 32. hxg4 Qh6 33. Rh3 Kg7 34. Rxh6 Kxh6 35. Nb7 Kg7
36. Nd6 $40 Rh8 37. Ra3 Rh6 38. Rf3 Bd8 39. Qe3 Ne8 40. Rh3 Rxh3 41. Qxh3 Rh8
42. Qd3 Nxd6 43. cxd6 Rh4 44. g3 Rh8 45. Kg2 Kf8 46. f4 Kg7 47. f5 Kf8 48. Qd2
Rg8 49. Kf3 Bb6 50. f6 Bc8 51. Ke3 Ke8 52. Qh2 1-0